| 000 | 00460nam a2200157 i 4500 | ||
|---|---|---|---|
| 001 | 67822 | ||
| 003 | ES-MaACL | ||
| 005 | 20230906170144.0 | ||
| 007 | t| | ||
| 008 | 040206s1904 sp ||||1| spa d | ||
| 100 | 1 |
_aGallardo Lobato, Juan. _953496 |
|
| 245 | 1 | 3 |
_aEl problema agrario en Andalucia / _cJuan Gallardo Lobato. |
| 260 |
_aJerez de la Frontera : _b[s.n., _c1904] ( _fImp. Diario de Jérez) |
||
| 300 |
_a205 p. ; _c16 cm. |
||
| 852 |
_aES-MaACL _jD-353 |
||
| 999 |
_c67822 _d67822 |
||